Pháp luật về bảo vệ quyền lợi của người lao động khi doanh nghiệp trốn, chậm đóng bảo hiểm xã hội : Luận văn thạc sĩ luật học. Chuyên ngành Luật kinh tế

Tìm hiểu pháp luật về bảo vệ quyền lợi của người lao động khi doanh nghiệp trốn, chậm đóng bảo hiểm xã hội quy định trong pháp luật Việt Nam

Spremljeno u:
Bibliografski detalji
Glavni autor: Châu, Thanh Quyền
Format: Knjiga
Jezik:Undetermined
Izdano: Cần Thơ Trường Đại học Cần Thơ 2016
Teme:
Oznake: Dodaj oznaku
Bez oznaka, Budi prvi tko označuje ovaj zapis!
Thư viện lưu trữ: Trung tâm Học liệu Trường Đại học Cần Thơ
LEADER 01156nam a2200217Ia 4500
001 CTU_214427
008 210402s9999 xx 000 0 und d
082 |a 344.59701 
082 |b Qu603 
100 |a Châu, Thanh Quyền 
245 0 |a Pháp luật về bảo vệ quyền lợi của người lao động khi doanh nghiệp trốn, chậm đóng bảo hiểm xã hội : 
245 0 |b Luận văn thạc sĩ luật học. Chuyên ngành Luật kinh tế 
245 0 |c Châu Thanh Quyền ; Đoàn Thị Phương Diệp (Cán bộ hướng dẫn) 
260 |a Cần Thơ 
260 |b Trường Đại học Cần Thơ 
260 |c 2016 
520 |a Tìm hiểu pháp luật về bảo vệ quyền lợi của người lao động khi doanh nghiệp trốn, chậm đóng bảo hiểm xã hội quy định trong pháp luật Việt Nam 
650 |a Labor laws and legislation,Luật và pháp luật lao động 
650 |z Vietnam,Việt Nam 
904 |i Nguyên 
980 |a Trung tâm Học liệu Trường Đại học Cần Thơ